MARC

LEADER 00000nam0a2200000 4500
001 261988
005 20231101233619.0
035 |a (RuTPU)RU\TPU\book\284970 
035 |a RU\TPU\book\41762 
090 |a 261988 
100 |a 20140528d1961 k y0rusy50 ca 
101 1 |a rus  |c eng 
102 |a RU 
105 |a a z 001zy 
200 1 |a Квантовая теория  |e пер. с англ.  |f Д. Бом 
210 |a Москва  |c Физматгиз  |d 1961 
215 |a 728 с.  |c черт. 
320 |a Библиогр.: с. 719-721(88 назв.) 
320 |a Алфавитный указатель: с. 722-728. 
606 1 |a Квантовая механика  |2 stltpush  |3 (RuTPU)RU\TPU\subj\14211  |9 40667 
610 1 |a физика 
610 1 |a квантовая теория 
610 1 |a математические основы 
610 1 |a простые системы 
610 1 |a уравнения Шредингера 
610 1 |a рассеяние 
610 1 |a измерения 
675 |a 530.145.6  |v 3 
700 1 |a Бом  |b Д.  |g Давид 
801 1 |a RU  |b 63413507  |c 20020521  |g PSBO 
801 2 |a RU  |b 63413507  |c 20210602  |g PSBO 
942 |c BK